000 01067cad a22002655a 4500
001 E152119
008 110201s2010 xxk f 100 0 eng d
020 _a9781842196199
035 _a(Sirsi) u152119
041 0 _aeng
100 1 _aCarthey, Jane
111 2 _aConstruction and Building Research Conference
_cDauphine Universite, Paris
_d2-3 September 2010
245 0 4 _aThe implications of extreme weather events for hospital design and facilities management
_ba case study approach
_h[electronic resource]
260 _aLondon
_bRICS
_c2010
520 _aA paper presented at the COBRA Conference in Paris on 2-3 September 2010.
590 _aKA
650 2 4 _aCONSTRUCTION AND BUILDING RESEARCH CONFERENCE (COBRA)
651 4 _aAustralia
690 _aPROPERTY-OTHER PROPERTY TYPES-HEALTHCARE AND WELFARE PROPERTY
700 1 _aLoosemore, Martin
700 1 _aChandra, Venny
700 1 _aChand, Anumitra Mirti
856 4 0 _uhttps://www.rics.org/site/scripts/download_info.aspx?fileID=7843&categoryID=720
_zBroken link - not available
942 _n0
999 _c111872
_d111872